Welcome to CU Library Online Public Access Catalogue (OPAC)

Automotive Engine Repair and Rebuilding (Record no. 8151)

MARC details
000 -LEADER
fixed length control field 00541nam a22001697a 4500
005 - DATE AND TIME OF LATEST TRANSACTION
control field 20251108131755.0
008 - FIXED-LENGTH DATA ELEMENTS--GENERAL INFORMATION
fixed length control field 251108b |||||||| |||| 00| 0 eng d
020 ## - INTERNATIONAL STANDARD BOOK NUMBER
International Standard Book Number 9781579321901
050 ## - LIBRARY OF CONGRESS CALL NUMBER
Classification number TL210
Item number .A83
245 ## - TITLE STATEMENT
Title Automotive Engine Repair and Rebuilding
Statement of responsibility, etc. Richard K. DuPuy, editor Michael Monaghan, managing editor
250 ## - EDITION STATEMENT
Edition statement 3rd ed.
260 ## - PUBLICATION, DISTRIBUTION, ETC.
Place of publication, distribution, etc. Sunnyvale, CA
Name of publisher, distributor, etc. Chek-Chart Publications
Date of publication, distribution, etc. 1999
300 ## - PHYSICAL DESCRIPTION
Extent vii. 423p.
Other physical details ill.
Dimensions 27.5cm
700 ## - ADDED ENTRY--PERSONAL NAME
Personal name DuPuy, Richard K.
700 ## - ADDED ENTRY--PERSONAL NAME
Personal name Monaghan, Michael
942 ## - ADDED ENTRY ELEMENTS (KOHA)
Source of classification or shelving scheme Library of Congress Classification
Koha item type Books
Edition 3rd ed.
Suppress in OPAC No
999 ## -
-- 8151
-- 8151
Holdings
Withdrawn status Lost status Source of classification or shelving scheme Damaged status Not for loan Collection Home library Current library Shelving location Date acquired Total checkouts Full call number Barcode Date last seen Copy number Price effective from Koha item type
    Library of Congress Classification     Non-fiction Science Library (Miotso) Science Library (Miotso) General stacks 11/08/2025   TL210 .A83 AUT SLM00005597 11/08/2025 1 11/08/2025 Books
    Library of Congress Classification     Non-fiction Science Library (Miotso) Science Library (Miotso) General stacks 11/08/2025   TL210 .A83 AUT SLM00005598 11/08/2025 2 11/08/2025 Books
    Library of Congress Classification     Non-fiction Science Library (Miotso) Science Library (Miotso) General stacks 11/08/2025   TL210 .A83 AUT SLM00005599 11/08/2025 3 11/08/2025 Books
© 2023-2024 Copyright: Central University Libraries. All Rights Reserved | Created by: Mahone Tech Office